|
|
|
|
| LEADER |
00904pam a22002538a 4500 |
| 001 |
00020981 |
| 005 |
20171026081023.0 |
| 008 |
110521s1981 ||||||Viesd |
| 041 |
0 |
# |
|a Vie
|
| 082 |
1 |
4 |
|a 843
|b C100R
|
| 100 |
0 |
# |
|a Prôxpe Mêrimê
|
| 245 |
0 |
0 |
|a Carmen
|b Truyện chọn lọc
|c Prôxpe Mêrimê; Tô Chương
|
| 260 |
# |
# |
|a H.
|b Văn học
|c 1981
|
| 300 |
# |
# |
|a 433 tr.
|c 20 cm.
|
| 500 |
# |
# |
|a ĐTTS ghi: Văn học cổ điển nước ngoài văn học Pháp
|
| 650 |
# |
4 |
|a Văn học Pháp
|
| 650 |
# |
4 |
|a Văn học cổ điển
|
| 653 |
# |
# |
|a Truyện ngắn
|
| 700 |
0 |
# |
|a Tô Chương
|e Dịch
|
| 852 |
# |
# |
|b Kho mượn
|j KM.0009991, KM.0011126
|
| 852 |
# |
# |
|b Kho đọc
|j KD.0006939
|
| 852 |
# |
# |
|j KD.0006939
|j KM.0009991
|j KM.0011126
|
| 910 |
0 |
# |
|a Đức
|d 21/05/2011
|
| 980 |
# |
# |
|a Trung tâm Học liệu Lê Vũ Hùng, Trường Đại học Đồng Tháp
|